Cosmology and the early universe / (Record no. 711)

MARC details
000 -LEADER
fixed length control field 00967cam a2200265 i 4500
001 - CONTROL NUMBER
control field 20345686
005 - DATE AND TIME OF LATEST TRANSACTION
control field 20250224105847.0
008 - FIXED-LENGTH DATA ELEMENTS--GENERAL INFORMATION
fixed length control field 180205s2018 flu b 001 0 eng
010 ## - LIBRARY OF CONGRESS CONTROL NUMBER
LC control number 2018003315
020 ## - INTERNATIONAL STANDARD BOOK NUMBER
International Standard Book Number 9781498761703 (hardback : alk. paper)
040 ## - CATALOGING SOURCE
Original cataloging agency DLC
Language of cataloging eng
Transcribing agency DLC
Description conventions rda
Modifying agency DLC
042 ## - AUTHENTICATION CODE
Authentication code pcc
050 00 - LIBRARY OF CONGRESS CALL NUMBER
Classification number QB981
Item number .D475 2018
082 00 - DEWEY DECIMAL CLASSIFICATION NUMBER
Classification number 523.1
Edition information 23
100 1# - MAIN ENTRY--PERSONAL NAME
Personal name Di Bari, Pasquale,
Relator term author.
9 (RLIN) 5399
245 10 - TITLE STATEMENT
Title Cosmology and the early universe /
Statement of responsibility, etc. by Pasquale Di Bari.
260 #1 - PUBLICATION, DISTRIBUTION, ETC.
Place of publication, distribution, etc. Boca Raton :
Name of publisher, distributor, etc. CRC Press/ Taylor & Francis Group,
Date of publication, distribution, etc. [2018]
300 ## - PHYSICAL DESCRIPTION
Extent xvi, 243 pages ;
Dimensions 26 cm.
490 0# - SERIES STATEMENT
Series statement Series in astronomy and astrophysics
504 ## - BIBLIOGRAPHY, ETC. NOTE
Bibliography, etc. note Includes bibliographical references and index.
650 #0 - SUBJECT ADDED ENTRY--TOPICAL TERM
Topical term or geographic name entry element Cosmogony.
9 (RLIN) 5400
650 #0 - SUBJECT ADDED ENTRY--TOPICAL TERM
Topical term or geographic name entry element Cosmology.
9 (RLIN) 3589
651 #0 - SUBJECT ADDED ENTRY--GEOGRAPHIC NAME
Geographic name Universe.
9 (RLIN) 5401
776 08 - ADDITIONAL PHYSICAL FORM ENTRY
Relationship information Online version:
Main entry heading Di Bari, Pasquale, author.
Title Cosmology and the early universe
Place, publisher, and date of publication Boca Raton : CRC Press, [2018]
International Standard Book Number 9781498761727
Record control number (DLC) 2018005976
Holdings
Withdrawn status Lost status Source of classification or shelving scheme Damaged status Not for loan Home library Current library Date acquired Cost, normal purchase price Total checkouts Full call number Barcode Date last seen Price effective from Koha item type
    Dewey Decimal Classification     KCST Library KCST Library 13/10/2021 26.00   523.1 Di Co 1000000888 13/10/2021 13/10/2021 Book
© 2025 KCST. All rights reserved